التربية الجامعية على حقوق الإنسان والحركة السياسية في الوطن العربي / (Record no. 25897)
[ view plain ]
| 000 -الفاتح | |
|---|---|
| حقل البيانات ثابتة الطول | 01470nam a22003255a 4500 |
| 003 - محدد رقم الضبط | |
| رقم الضبط | EG-ScBUE |
| 005 - وقت وتاريخ اخر تعامل مع التسجيلة | |
| رقم الضبط | 20210923103310.0 |
| 008 - عناصر البيانات ثابتة الطول - معلومات عامة | |
| حقل البيانات ثابتة الطول | 180108s2009 ua f b 000 0 ara d |
| 017 ## - رقم الإيداع القانونى | |
| رقم الإيداع القانونى | 2009 / 9483 |
| 040 ## - مصدر الفهرسة | |
| وكالة الفهرسة الأصلية | EG-ScBUE |
| لغة الفهرسة | ara |
| قواعد الوصف | rda |
| وكالة النسخ | EG-ScBUE |
| وكالة التعديل | EG-ScBUE |
| 043 ## - رمز المنطقة الجغرافية | |
| رمز المنطقة الجغرافية | ma----- |
| 082 04 - رقم تصنيف ديوى العشرى | |
| رقم التصنيف | 323.09174927 |
| رقم المادة | ت ر ب |
| رقم الطبعة | 22 |
| 245 02 - بيان العنوان | |
| العنوان | التربية الجامعية على حقوق الإنسان والحركة السياسية في الوطن العربي / |
| بيان المسئوليه,etc | المؤلفون أحمد سيعد نوفل [وخمس آخرون] ؛ تحرير أ. د. مصطفى كامل السيد. |
| 250 ## - بيان الطبعة | |
| بيان الطبعة | الطبعة الأولى. |
| 264 #1 - النشر، التوزيع | |
| مكان الناشر او الموزع | الجيزة، مصر : |
| اسم الناشر او الموزع | شركاء التنمية للبحوث والاستشارات والتدريب، |
| تاريخ النشر أو التوزيع | 2009. |
| 300 ## - الوصف المادى | |
| التعداد | 312 صفحة ؛ |
| أبعاد الوعاء | 24 سم |
| 336 ## - نوع المحتوى | |
| source | rdacontent |
| Carrier Type Term | نص |
| Content Type Code | txt |
| 337 ## - نوع الوسيط | |
| source | rdamedia |
| Media Type Term | بدون وسيط |
| Media Type Code | n |
| 338 ## - نوع الحامل أو الناقل | |
| source | rdacarrier |
| Carrier Type Term | مجلد |
| Carrier Type Code | nc |
| 504 ## - تبصرة ببليوجرافية | |
| تبصرة ببليوجرافية,الخ | يشتمل على إرجاعات ببليوجرافية. |
| 541 ## - تبصرة المصدر المباشر للتزويد | |
| طريقة التزويد | Donation. |
| 650 #7 - المدخل الاضافى بالموضوع-مصطلح موضوعى | |
| مصطلح موضوعي أو اسم جغرافي كعنصر مدخل | حقوق الإنسان |
| التقسيم الفرعي الجغرافي | الدول العربية. |
| مصدر الرأس أو المصطلح | BUEsh |
| 9 (RLIN) | 33259 |
| 650 #7 - المدخل الاضافى بالموضوع-مصطلح موضوعى | |
| مصطلح موضوعي أو اسم جغرافي كعنصر مدخل | التعليم العالي |
| التقسيم الفرعي الجغرافي | الدول العربية. |
| مصدر الرأس أو المصطلح | BUEsh |
| 651 #7 - المدخل الاضافى بالموضوع - اسم جغرافى | |
| الاسم الجغرافي | الدول العربية |
| التقسيم الفرعي العام | سياسة وحكومة. |
| مصدر الرأس أو المصطلح | BUEsh |
| 9 (RLIN) | 27979 |
| 653 ## - مصطلح تكشيفى غير مقيد | |
| Resource For college | Generalities |
| Arrived date list | January2018 |
| 655 ## - مصطلح تكشيفى-نوع/شكل | |
| التقسيم الفرعي الشكلي | Reading book |
| -- | 34232 |
| 700 1# - المدخل الاضافى - اسم شخصى | |
| الإسم الشخصى | السيد، مصطفى كامل، |
| الدور | محرر. |
| 700 1# - المدخل الاضافى - اسم شخصى | |
| الإسم الشخصى | نوفل، أحمد سعيد، |
| الدور | مؤلف. |
| 9 (RLIN) | 27854 |
| 942 ## - عناصر المدخل الإضافي( كوها) | |
| مصدر التصنيف او مخطط الترفيف | Dewey Decimal Classification |
| حالة التراجع | حالة الفقد | مصدر التصنيف او خطة الترفيف | حالة تلف | ليس للاعارة | المكان الدائم | المكان الحالي | موقع الترفيف | تاريخ الاكتساب | رقم الاستدعاء | الباركود | Date last seen | نوع الوعاء | مجموعات كوها | Source of acquisition |
|---|---|---|---|---|---|---|---|---|---|---|---|---|---|---|
| Dewey Decimal Classification | Central Library | Central Library | First floor | 08/01/2018 | 323.09174927 ت ر ب | 000042800 | 15/07/2025 | Book - Borrowing | ||||||
| Dewey Decimal Classification | Central Library | Central Library | First floor | 23/09/2021 | 323.09174927 ت ر ب | 000050688 | 15/07/2025 | Book - Borrowing | Donation-Gift | Donation |